<?xml version="1.0" encoding="UTF-8"?>
<record
    xmlns:xsi="http://www.w3.org/2001/XMLSchema-instance"
    xsi:schemaLocation="http://www.loc.gov/MARC21/slim http://www.loc.gov/standards/marcxml/schema/MARC21slim.xsd"
    xmlns="http://www.loc.gov/MARC21/slim">

  <leader>01505nam0a22003131  4500</leader>
  <controlfield tag="001">v19\rc\1964088</controlfield>
  <controlfield tag="005">20251118181026.5</controlfield>
  <datafield tag="035" ind1=" " ind2=" ">
    <subfield code="a">(NLR Aleph) 005047497</subfield>
  </datafield>
  <datafield tag="090" ind1=" " ind2=" ">
    <subfield code="a">6859055</subfield>
    <subfield code="c">6859055</subfield>
  </datafield>
  <datafield tag="100" ind1=" " ind2=" ">
    <subfield code="a">20080428d1913    u  y0rusy50      ca</subfield>
  </datafield>
  <datafield tag="101" ind1="1" ind2=" ">
    <subfield code="a">rus</subfield>
    <subfield code="c">ger</subfield>
  </datafield>
  <datafield tag="102" ind1=" " ind2=" ">
    <subfield code="a">RU</subfield>
  </datafield>
  <datafield tag="105" ind1=" " ind2=" ">
    <subfield code="a">a   z   |||||</subfield>
  </datafield>
  <datafield tag="200" ind1="1" ind2=" ">
    <subfield code="a">&#x424;&#x440;&#x430;&#x43D;&#x446;&#x443;&#x437;&#x441;&#x43A;&#x430;&#x44F; &#x446;&#x432;&#x435;&#x442;&#x43D;&#x430;&#x44F; &#x433;&#x440;&#x430;&#x432;&#x44E;&#x440;&#x430; XVIII &#x441;&#x442;&#x43E;&#x43B;&#x435;&#x442;&#x438;&#x44F;</subfield>
    <subfield code="e">&#x421; 50 &#x433;&#x440;&#x430;&#x432;. &#x43D;&#x430; &#x43C;&#x435;&#x434;&#x438;, &#x432;&#x43E;&#x441;&#x43F;&#x440;&#x43E;&#x438;&#x437;&#x432;&#x435;&#x434;. &#x432; &#x43A;&#x440;&#x430;&#x441;&#x43A;&#x430;&#x445;</subfield>
    <subfield code="f">&#x422;&#x435;&#x43A;&#x441;&#x442; &#x43F;&#x440;&#x43E;&#x444;. &#x42F;. &#x428;&#x43F;&#x440;&#x438;&#x43D;&#x433;&#x435;&#x440;&#x430;</subfield>
  </datafield>
  <datafield tag="210" ind1=" " ind2=" ">
    <subfield code="a">&#x421;&#x430;&#x43D;&#x43A;&#x442;-&#x41F;&#x435;&#x442;&#x435;&#x440;&#x431;&#x443;&#x440;&#x433;</subfield>
    <subfield code="a">&#x41C;&#x43E;&#x441;&#x43A;&#x432;&#x430;</subfield>
    <subfield code="c">&#x422;-&#x432;&#x43E; &#x41C;.&#x41E;. &#x412;&#x43E;&#x43B;&#x44C;&#x444;</subfield>
    <subfield code="d">[1913?]</subfield>
    <subfield code="e">&#x421;&#x430;&#x43D;&#x43A;&#x442;-&#x41F;&#x435;&#x442;&#x435;&#x440;&#x431;&#x443;&#x440;&#x433;</subfield>
  </datafield>
  <datafield tag="215" ind1=" " ind2=" ">
    <subfield code="a">[6], 66 &#x441;., 50 &#x43B;. &#x446;&#x432;. &#x438;&#x43B;.</subfield>
    <subfield code="d">34</subfield>
  </datafield>
  <datafield tag="300" ind1=" " ind2=" ">
    <subfield code="a">&#x418;&#x437;&#x434;. &#x44F;&#x432;&#x43B;&#x44F;&#x435;&#x442;&#x441;&#x44F; &#x43F;&#x435;&#x440;. &#x43A;&#x43D;.: Der franz&#xF6;sische Farbenstich des XVIII jahr hunderts Hrsg, von Julius Model und Jaro Springer. Stuttgart, 1912</subfield>
  </datafield>
  <datafield tag="320" ind1=" " ind2=" ">
    <subfield code="a">&#x411;&#x438;&#x431;&#x43B;&#x438;&#x43E;&#x433;&#x440;. &#x432; &#x43F;&#x440;&#x438;&#x43C;&#x435;&#x447;.</subfield>
  </datafield>
  <datafield tag="454" ind1=" " ind2="0">
    <subfield code="1">2001#$aDer franz&#xF6;sische Farbenstich des XVIII jahr hunderts$fHrsg. von Julius Model und Jaro Springer</subfield>
    <subfield code="1">210##$aStuttgart$d1912</subfield>
    <subfield code="t">Der franz&#xF6;sische Farbenstich des XVIII jahr hunderts</subfield>
  </datafield>
  <datafield tag="532" ind1="1" ind2="1">
    <subfield code="a">&#x424;&#x440;&#x430;&#x43D;&#x446;&#x443;&#x437;&#x441;&#x43A;&#x430;&#x44F; &#x446;&#x432;&#x435;&#x442;&#x43D;&#x430;&#x44F; &#x433;&#x440;&#x430;&#x432;&#x44E;&#x440;&#x430; &#x432;&#x43E;&#x441;&#x435;&#x43C;&#x43D;&#x430;&#x434;&#x446;&#x430;&#x442;&#x43E;&#x433;&#x43E; &#x441;&#x442;&#x43E;&#x43B;&#x435;&#x442;&#x438;&#x44F;</subfield>
  </datafield>
  <datafield tag="700" ind1=" " ind2="1">
    <subfield code="a">&#x428;&#x43F;&#x440;&#x438;&#x43D;&#x433;&#x435;&#x440;</subfield>
    <subfield code="b">&#x42F;.</subfield>
    <subfield code="f">1856-1915</subfield>
    <subfield code="g">&#x42F;&#x440;&#x43E;</subfield>
  </datafield>
  <datafield tag="801" ind1=" " ind2="0">
    <subfield code="a">RU</subfield>
    <subfield code="b">NLR</subfield>
    <subfield code="g">psbo</subfield>
  </datafield>
  <datafield tag="801" ind1=" " ind2="0">
    <subfield code="a">RU</subfield>
    <subfield code="b">RuMoRGB</subfield>
    <subfield code="2">psbo</subfield>
  </datafield>
  <datafield tag="801" ind1=" " ind2="1">
    <subfield code="a">RU</subfield>
    <subfield code="b">ProSoft-M</subfield>
    <subfield code="2">rusmarc</subfield>
  </datafield>
  <datafield tag="852" ind1=" " ind2=" ">
    <subfield code="a">NLR</subfield>
    <subfield code="j">&#x418;&#x441;30/&#x411;-9/6</subfield>
  </datafield>
  <datafield tag="899" ind1=" " ind2=" ">
    <subfield code="a">RuMoRGB</subfield>
    <subfield code="j">&#x41C;&#x41A;</subfield>
  </datafield>
  <datafield tag="899" ind1=" " ind2=" ">
    <subfield code="a">RuMoRGB</subfield>
    <subfield code="j">R 456/304</subfield>
  </datafield>
  <datafield tag="942" ind1=" " ind2=" ">
    <subfield code="c">BOOK</subfield>
  </datafield>
  <datafield tag="980" ind1=" " ind2=" ">
    <subfield code="a">NB</subfield>
  </datafield>
  <datafield tag="995" ind1=" " ind2=" ">
    <subfield code="5">2013-10-26</subfield>
    <subfield code="b">NLR02</subfield>
    <subfield code="c">NLR02</subfield>
    <subfield code="e">RFS</subfield>
    <subfield code="f">5047497-10</subfield>
    <subfield code="k">&#x418;&#x441;30/&#x411;-9/6</subfield>
    <subfield code="o">0</subfield>
    <subfield code="r">BOOK</subfield>
    <subfield code="s">3096_</subfield>
  </datafield>
</record>
